000 00960nam a22002297a 4500
008 250214b |||||||| |||| 00| 0 eng d
020 _a9789587435016
040 _aCO-JMCR
_bspa
_cCO-JMCR
_dCO-JMCR
_erda
041 0 _aspa
082 0 4 _aC
_bRODc
100 1 _eautor
_aRodari, Gianni,
_9490
245 1 0 _aCuentos escritos a máquina /
_cGianni Rodari.
300 _a327 páginas ;
_c20 cm.
520 3 _aVeintiséis relatos en los que Gianni Rodari plantea y describe de forma magistral situaciones cotidianas llenas de humor, imaginación e ironía, para ofrecernos su genial visión del mundo que nos ha tocado vivir.
650 1 4 _944095
650 2 4 _944096
650 2 4 _944097
650 2 4 _944098
650 2 4 _9954
999 _c30955
_d17339